Omega-6/3 fatty acids functions, sustainability strategies and perspectives

Bibliographic Details
Other Authors: Meester, Fabien De (Editor), Watson, Ronald Ross (Editor), Zibadi, Sherma (Editor)
Format: Book
Language:English
PhysicalDescription:xxvi, 427 strán diagramy, ilustrácie, tabuľky 26 cm
Published: New York Heidelberg Dordrecht London Humana Press [2013]
ISBN:9781627032148
Series:Nutrition and health
Subjects:

MARC

LEADER 00000cam a2200000 4500
001 vtls012076653
003 SK-MaSNL
005 20260301150654.0
008 211109s2013 xxua frni 000 0 eng
015 |a SNBZSA2022/10 
020 |a 9781627032148  |q (viazané) 
040 |a SNK  |b slo  |c SNK  |e rda 
041 0 |a eng 
044 |a xxu  |c US  |a gw  |c DE  |a ne  |c NL  |a xxk  |c GB 
072 7 |a 616  |x Patológia. Klinická medicína  |2 konspekt 
080 |a 547.29  |2 2011 
080 |a 615.27  |2 2011 
080 |a 641.1  |2 2011 
080 |a 616.3-008  |2 2011 
080 |a 577.161.4  |2 2011 
080 |a 616-084  |2 2011 
080 |a (048.8)  |2 2011 
080 |a (082)  |2 2011 
245 0 0 |a Omega-6/3 fatty acids  |b functions, sustainability strategies and perspectives  |c edited by Fabien De Meester, Ronald Ross Watson, Sherma Zibadi 
264 1 |a New York  |a Heidelberg  |a Dordrecht  |a London  |b Humana Press  |c [2013] 
264 4 |c ©2013 
300 |a xxvi, 427 strán  |b diagramy, ilustrácie, tabuľky  |c 26 cm 
336 |a text  |b txt  |2 rdacontent 
337 |a bez média  |b n  |2 rdamedia 
338 |a zväzok  |b nc  |2 rdacarrier 
490 1 |a Nutrition and health 
500 |a Obsahuje profesijné údaje o editoroch spolu s portrétmi a profesionálne pôsobenie prispievateľov 
504 |a Bibliografia za jednotlivými kapitolami, register 
650 0 7 |a mastné kyseliny  |2 SNKPH  |9 74102 
650 0 7 |a Fatty acids  |2 SNKPHeng  |9 367594 
650 0 7 |a potravinové doplnky  |2 SNKPH  |9 68313 
650 0 7 |a Dietary Supplements  |2 SNKPHeng  |9 340130 
650 0 7 |a nutričná hodnota potravín  |2 SNKPH  |9 68648 
650 0 7 |a Nutritive value of foods  |2 SNKPHeng  |9 317007 
650 0 7 |a výživa človeka  |2 SNKPH  |9 4211 
650 0 7 |a Human nutrition  |2 SNKPHeng  |9 267863 
650 0 7 |a esenciálne mastné kyseliny  |2 SNKPH  |9 118320 
650 0 7 |a Essential fatty acids  |2 SNKPHeng  |9 367595 
650 0 7 |a prevencia ochorení  |2 SNKPH  |9 69501 
650 0 7 |a Prevention of diseases  |2 SNKPHeng  |9 267625 
655 7 |a štúdie  |2 SNKPH  |9 57033 
655 7 |a zborníky  |2 SNKPH  |9 70165 
655 7 |a Studies  |2 SNKPHeng  |9 265573 
655 7 |a Papers of several authors  |2 SNKPHeng  |9 153738 
700 1 |a Meester, Fabien De  |4 edt  |9 367596 
700 1 |a Watson, Ronald Ross  |4 edt  |9 367597 
700 1 |a Zibadi, Sherma  |4 edt  |9 367598 
830 0 |a Nutrition and health  |9 367599 
919 |a 978-1-62703-214-8 
954 |a odborná, vedecká literatúra cudzojazyčná (svetová)  |2 lita 
958 |a ZS 
958 |a NB 
958 |a MI 
999 |c 784248  |d 786178 
952 |a SNK  |b SNK  |y PREZ  |7 0  |p 17A1309019  |o snkSB 98321  |i snk2022/11486  |8 4  |g 252.37  |0 0  |1 0  |4 0  |d 2021-11-09  |f 1  |l 0  |r 2026-02-24 01:15:24  |w 2026-02-24